00789nam a22002531i 4500001001400000003000400014005001700018008004100035015001400076020003800090040002900128082001700157100002400174245008600198264005300284300002300337336002100360337002500381338002300406365001500429650003000444650001800474710004300492vtls000846251PNM20190210085512.0180126s2018 my e |00 fdmay  aM18-01786 a9789671540817qpaperbackcRM28.00 aBNMbengcBNMdPPAKerda04a899.23332230 aFara Hana,eauthor.10aPilihan Hati Mr. Millionaire /cFara Hana ; Editor : Jabatan Editorial Suara Hati 1aKuala Lumpur :bSuara Hati Publication,c[2018?] a750 pages ;c19 cm atext2rdacontent aunmediated2rdamedia avolume2rdacarrier b28.00cMYR14aMalaysian fiction (Malay)20aMalay fiction2 aJabatan Editorial Suara Hati,eeditor.